| 000 | 00375cam a2200145ua 4500 | ||
|---|---|---|---|
| 999 |
_c15405 _d15405 |
||
| 020 | _a9789332519107 | ||
| 082 |
_a631.4 _bBRA/NA |
||
| 100 |
_aBrady, Nyle C . _9785 |
||
| 245 | _aNature and properties of soils / | ||
| 250 | _a14 | ||
| 260 |
_aNew Delhi : _bDorling Kindersley (India) Pvt. Ltd. _c2014 |
||
| 300 | _a1645p; . | ||
| 700 | 1 |
_aWell, Ray R . _9786 |
|
| 942 | _cBK | ||